Statistics for Airport Codes of Busiest US Airports - Hard Version

Click here to take the quiz!

General Stats

  • This quiz has been taken 146 times
  • The average score is 33 of 50

Answer Stats

airport% Correct
ATL
Atlanta
95%
LAX
Los Angeles
93%
SEA
Seattle
89%
JFK
New York
88%
MIA
Miami
88%
BOS
Boston
87%
SFO
San Francisco
87%
DEN
Denver
86%
LAS
Las Vegas
86%
ORD
Chicago O'Hare
85%
SAN
San Diego
85%
IAD
Washington Dulles
84%
PHX
Phoenix
82%
PHL
Philadelphia
80%
DFW
Dallas-Fort Worth
76%
HOU
Houston Hobby
76%
MSP
Minneapolis
75%
CLT
Charlotte
74%
LGA
New York LaGuardia
74%
MCO
Orlando
74%
SLC
Salt Lake City
72%
DAL
Dallas Love Field
71%
EWR
Newark
69%
IAH
Houston
69%
AUS
Austin
68%
FLL
Fort Lauderdale
67%
STL
St Louis
67%
PDX
Portland
66%
TPA
Tampa
66%
DTW
Detroit
65%
BWI
Baltimore
63%
MDW
Chicago Midway
63%
PIT
Pittsburgh
63%
MSY
New Orleans
60%
CLE
Cleveland
58%
HNL
Honolulu
58%
DCA
Washington
54%
IND
Indianapolis
52%
BNA
Nashville
48%
MCI
Kansas City
48%
OAK
Oakland
47%
SAT
San Antonio
46%
RDU
Raleigh-Durham
44%
SJC
San Jose
44%
MKE
Milwaukee
35%
CMH
Columbus
34%
SJU
San Juan
34%
SMF
Sacramento
25%
SNA
Santa Ana-
Orange County
25%
RSW
Fort Myers
24%

Score Distribution

Percentile by Number Answered

Percent of People with Each Score

Your Score History

You have not taken this quiz